Statistics for U.S. General Knowledge #12

Click here to take the quiz!

General Stats

  • This quiz has been taken 21,023 times
    (12,066 since last reset)
  • The average score is 11 of 20

Answer Stats

QuestionAnswer% Correct
What creature is also known as Sasquatch?Bigfoot
89%
What is the best-selling type of lettuce in the United States?Iceberg
87%
What is the name of the area of the United States where tornadoes are most common?Tornado {Alley}
73%
In what country was Barack Obama's father born?Kenya
71%
Who sang "Don't be fooled by the rocks that I got / I'm still Jenny from the block"Jennifer Lopez
67%
What city is known as Chocolate Town, U.S.A.?Hershey, PA
66%
What breed of cattle is the Texas state animal?Texas Longhorn
66%
Hope, Arkansas is the birthplace of two well-known politicians.
One is Mike Huckabee. Who is the other?
Bill Clinton
65%
What does Mexican Coke have that American Coke doesn't?Real sugar
63%
Who jumped from the balcony of Ford's Theatre yelling "Sic semper tyrannis"?John Wilkes Booth
62%
What company makes Big Red and Juicy Fruit gum?Wrigley
61%
Which President's "doctrine" said that European powers should stay out
of the Western Hemisphere?
James Monroe
52%
If you are aboard a Pullman car, where are you? On a Train
49%
What government agency hires over 500,000 temporary workers every 10 years?U.S. Census Bureau
45%
In the "Peanuts" comic strip, what Halloween spirit does Linus believe in?The Great Pumpkin
44%
What type of loans does Sallie Mae primarily deal with?Student Loans
40%
Who appeared on the covers of dozens of romance novels and also
promoted "I Can't Believe It's Not Butter!"?
Fabio
39%
What is the oldest medical journal in the United States?
{New} {England}
Journal of Medicine
29%
What was abolished by the Supreme Court in 1972, but reinstated in 1976?Death Penalty
20%
What college is the alma mater of 53 NASA astronauts, more than any other?U.S. Naval Academy
16%

Score Distribution

Percentile by Number Answered

Percent of People with Each Score

Your Score History

You have not taken this quiz since the last reset